000 nam a22 7a 4500
999 _c10034
_d10034
008 180209b ||||| |||| 00| 0 eng d
100 _aNew age international
_96061
245 _aGolden english supplementary english communication
260 _aNew delhi
_bNew age publication